000 00753cam a22002051 4500
001 000006796
005 20200929154008.0
008 750716s1964 xx 000 0 spa
010 _a66080145
035 _a(OCoLC)1453781
040 _aDO-SdBNP
_cNmLcU
_dDLC
042 _apremarc
050 0 0 _aPQ7797.C3376
_bJ8
100 1 _aCastellani, Leonardo,
_d1899-
_918879
245 0 0 _aJuan XXIII (XXIV); :
_bo sea, La resurreccion de Don Quijote (Sinfonia fantastica a la Berlioz en tres movimientos y una coda; para uso de naciones subdesarrolladas) /
_c[por] Jeronimo del Rey.
260 _aBuenos Aires, :
_bEdiciones Theoria,
_c[1964].
300 _a342 p. ;
_c20 cm.
490 0 _aBiblioteca argentina de letras
910 _aCatalogación por copia / LC
999 _c6584
_d6584